Представление документа в формате MARC21

ПолеНазваниеЗначение
  Тип записи a
  Библиографический уровень m
001 Контрольный номер RU\infra-m\znanium\bibl\2213260
005 Дата корректировки 20260429142143.5
008 Кодируемые данные 251211s2025 RU g rus u
020 Индекс ISBN __
a ISBN 978-5-16-018344-2
020 Индекс ISBN __
a ISBN 978-5-16-111362-2 (электр. издание)
040 Источник каталогиз. __
a Служба первич. каталог. Общество с ограниченной ответственностью «ЗНАНИУМ»
041 Код языка издания __
a Код языка текста rus
044 Код страны публикации __
a Код страны публикации RU
080 Индекс УДК __
a Индекс УДК 636(075.32)
084 Индекс другой классификации/Индекс ББК __
2 Источник индекса rubbk
a Индекс другой классификации/Индекс ББК 45я723
084 Индекс другой классификации/Индекс ББК __
2 Источник индекса okso
a Индекс другой классификации/Индекс ББК 19.02.11
084 Индекс другой классификации/Индекс ББК __
2 Источник индекса okso
a Индекс другой классификации/Индекс ББК 19.02.12
084 Индекс другой классификации/Индекс ББК __
2 Источник индекса okso
a Индекс другой классификации/Индекс ББК 35.01.21
084 Индекс другой классификации/Индекс ББК __
2 Источник индекса okso
a Индекс другой классификации/Индекс ББК 35.01.27
084 Индекс другой классификации/Индекс ББК __
2 Источник индекса okso
a Индекс другой классификации/Индекс ББК 35.02.07
084 Индекс другой классификации/Индекс ББК __
2 Источник индекса okso
a Индекс другой классификации/Индекс ББК 35.02.09
084 Индекс другой классификации/Индекс ББК __
2 Источник индекса okso
a Индекс другой классификации/Индекс ББК 35.02.16
084 Индекс другой классификации/Индекс ББК __
2 Источник индекса okso
a Индекс другой классификации/Индекс ББК 36.01.02
084 Индекс другой классификации/Индекс ББК __
2 Источник индекса okso
a Индекс другой классификации/Индекс ББК 36.01.03
084 Индекс другой классификации/Индекс ББК __
2 Источник индекса okso
a Индекс другой классификации/Индекс ББК 36.02.01
084 Индекс другой классификации/Индекс ББК __
2 Источник индекса okso
a Индекс другой классификации/Индекс ББК 36.02.03
100 Автор __
a Автор Агейкин А.Г.
q Полное имя Агейкин Артем Геннадьевич
u Дополнение Красноярский Государственный Аграрный Университет
245 Заглавие __
a Заглавие Основы зоотехнии. Практикум
b Продолж. заглавия Учебное пособие
c Ответственность Красноярский Государственный Аграрный Университет
250 Сведения об издании __
a Основные сведения об издании 1
260 Выходные данные __
a Место издания Москва
b Издательство ООО "Научно-издательский центр ИНФРА-М"
c Дата издания 2026
300 Физическое описание __
a Объем 285 с.
440 Серия __
a Серия Среднее профессиональное образование (КрГАУ)
520 Аннотация __
a Аннотация Учебное пособие включает 3 главы и 17 тем. Первая глава рассматривает основы разведения сельскохозяйственных животных и птицы вторая - основные корма и принципы нормированного кормления третья - продуктивность и требования к продукции основных отраслей животноводства в условиях рыночных отношений. По каждой теме представлены контрольные вопросы в конце глав приведены тесты для самоконтроля. Включает правила написания контрольной и самостоятельной работ темы и примерные планы контрольных работ краткий терминологический словарь. Соответствует требованиям федеральных государственных образовательных стандартов среднего профессионального образования последнего поколения. Предназначено для студентов обучающихся по специальности 35.02.08 «Электрификация и автоматизация сельского хозяйства».
521 Примеч. о цел. назн. __
a Примеч. о целев. назн. Среднее профессиональное образование
650 Тематические рубрики __
a Основная рубрика Сельское хозяйство
x Основная подрубрика Специальное (частное) животноводство. Зоотехния
655 Указ. предметных рубрик (устаревшее) __
a Жанр/ форма (устаревшее) Учебное пособие
700 Другие авторы __
a Другие авторы Удалова Т.А.
q Полное имя Удалова Татьяна Анатольевна
u Дополнение Красноярский Государственный Аграрный Университет
700 Другие авторы __
a Другие авторы Нагибина А.А.
q Полное имя Нагибина Анна Александровна
u Дополнение Красноярский Государственный Аграрный Университет
856 Электронный адрес документа 4_
a Имя сервера/домена znanium.ru
m Помощь ebs_support@infra-m.ru
n Местонахождение сервера НИЦ ИНФРА-М
u URL https://znanium.ru/catalog/document?id=466429
856 Электронный адрес документа 48
a Имя сервера/домена znanium.ru
d Путь /cover/2213
f Электронное имя 2213260.jpg
q Тип электронного формата image/jpeg
u URL https://znanium.ru/cover/2213/2213260.jpg
911 __
u 0030=https://znanium.ru/catalog/document?id=466429